000 00381nam a2200145Ia 4500
008 151213s9999 xx 000 0 und d
100 _a`Sir Iahiah Berlin
245 _aDoctor Zhivago
_c`Sir Iahiah Berlin
260 _bFontana Monarchs
_c1961
300 _a8861 p.
650 _aEnglish Literature
650 _aEnglish Literature
700 _a`Sir Iahiah Berlin
999 _c4646
_d4646